000 00665nam a2200217 a 4500
999 _c5494
_d5494
001 5494
003 BD-JhCC
005 20171217164843.0
008 171217s1990 bg ||||| |||| 00| 0 ben d
035 _a(BD-JhCC)5494
040 _aBD-JhCC
_dBD-JhCC
041 _aben
082 _a516
_bHAQ 1990
100 _aহক, এ. কে. মনজুরুল
245 _aউচ্চ মাধ্যমিক জ্যামিতি /
_cএ. কে. মনজুরুল হক
260 _aঢাকা :
_bআইডিয়াল লাইব্রেরী,
_c1990
300 _a298 p. :
_c21 cm.
650 _aGeometry
942 _2ddc
_cBK